Evropské finanční systémy 2010 sborník příspěvků z mezinárodní vědecké konference : 27.-28.5.2010 Brno

Gespeichert in:
Bibliographische Detailangaben
Körperschaften: Evropské finanční systémy 2010. Mezinárodní vědecká konference, Ekonomicko-správní fakulta Masarykovy university. Katedra financí
Weitere Verfasser: Červínek, Petr, 1977-
Format: Buch
Sprache:Tschechisch
Slowakisch
Veröffentlicht: Brno Masarykova univerzita 2010
Schlagworte:
Tags: Tag hinzufügen
Keine Tags, Fügen Sie das erste Tag hinzu!

MARC

LEADER 00000nam a2200000 4500
001 0120921
005 20240109072156.6
020 |a 978-80-210-5182-9 
041 0 |a cze 
041 0 |a slo 
044 |a CZ 
245 1 0 |a Evropské finanční systémy 2010  |b sborník příspěvků z mezinárodní vědecké konference : 27.-28.5.2010 Brno  |c editor sborníku Petr Červinek 
264 1 |a Brno  |b Masarykova univerzita  |c 2010 
300 |a 250 s. 
610 2 0 |a financie podnikové 
610 2 0 |a financie organizácií hospodárskych 
610 2 0 |a účtovníctvo 
610 2 0 |a trh finančný 
610 2 0 |a poisťovníctvo 
610 2 0 |a peňažníctvo 
700 1 |a Červínek, Petr, 1977- 
110 2 |a Evropské finanční systémy 2010. Mezinárodní vědecká konference. 
710 2 |a Ekonomicko-správní fakulta Masarykovy university. Katedra financí